Chicago 'L' Stations with a Map - Statistics

General Stats
  • This quiz has been taken 3,718 times
  • The average score is 115 of 190
Answers on the Map
Answers color-coded by a green-red scale on the quiz's map according to % correct below.
 
Answer Stats
Line Station % Correct
Blue O'Hare
91%
Blue | Brown | Green | +3 others Clark/Lake
89%
Brown | Green | Orange | +2 others State/Lake
88%
Green Harlem/Lake
87%
Brown | Green | Orange | +2 others Washington/Wabash
85%
Brown | Orange | Pink | Purple Washington/Wells
83%
Red Clark/Division
82%
Blue Washington
82%
Red Lake
81%
Red 95th/Dan Ryan
79%
Orange Midway
79%
Blue | Brown | Purple | Red Chicago
78%
Blue | Brown | Red Addison
76%
Green Ashland/63rd
76%
Brown | Green | Orange | +2 others Adams/Wabash
74%
Blue | Brown | Purple | Red Belmont
74%
Purple | Red | Yellow Howard
74%
Red Sox-35th
74%
Pink 54th/Cermak
72%
Red Cermak-Chinatown
72%
Blue | Red Jackson
71%
Red 63rd
68%
Green | Orange | Red Roosevelt
68%
Blue | Brown | Orange | Pink Western
68%
Green 35th-Bronzeville-IIT
67%
Red North/Clybourn
67%
Blue Harlem
66%
Blue | Red Monroe
66%
Orange 35th/Archer
65%
Green Cermak-McCormick Place
65%
Blue UIC-Halsted
65%
Red 79th
64%
Blue | Brown | Pink Damen
64%
Brown | Purple | Red Fullerton
64%
Blue | Red Grand
64%
Blue Rosemont
64%
Red 87th
63%
Blue | Green | Pink California
63%
Brown Kimball
63%
Brown | Orange | Pink | Purple LaSalle/Van Buren
63%
Green | Red 47th
61%
Red 69th
61%
Blue Division
61%
Green | Orange | Pink Ashland
60%
Purple Dempster
60%
Blue Forest Park
59%
Blue | Brown Irving Park
59%
Brown | Green | Orange | Pink Kedzie
59%
Brown | Purple Merchandise Mart
59%
Blue | Green Oak Park
59%
Blue | Green | Pink Cicero
58%
Brown | Orange | Pink | Purple Harold Washington Library
56%
Blue LaSalle
56%
Purple Linden
56%
Red Loyola
56%
Brown | Purple Diversey
55%
Brown | Orange | Pink | Purple Quincy
55%
Green 51st
54%
Green | Purple Central
54%
Blue | Green | Pink Clinton
53%
Green | Red Garfield
53%
Blue Logan Square
53%
Red Sheridan
53%
Purple | Red Wilson
53%
Green Cottage Grove
52%
Blue Jefferson Park
52%
Blue | Green | Orange | Pink Pulaski
52%
Red Bryn Mawr
51%
Green | Orange Halsted
51%
Blue | Brown Montrose
51%
Green 43rd
50%
Red Argyle
50%
Brown | Purple Armitage
49%
Blue Cumberland
49%
Yellow Dempster-Skokie
48%
Red Harrison
47%
Brown | Purple Sedgwick
47%
Red Jarvis
46%
Red Lawrence
46%
Purple Main
46%
Brown | Purple Wellington
46%
Pink 18th
44%
Red Berwyn
44%
Yellow Oakton-Skokie
44%
Brown Paulina
44%
Blue | Green Austin
42%
Brown Southport
42%
Pink Polk
41%
Red Morse
40%
Green | Pink Morgan
39%
Red Thorndale
39%
Brown Francisco
38%
Red Granville
38%
Blue Illinois Medical District
37%
Green King Drive
37%
Purple Davis
36%
Purple Noyes
36%
Blue Racine
36%
Purple Foster
35%
Green Indiana
34%
Green Conservatory-Central Park Drive
31%
Brown Rockwell
31%
Purple South Boulevard
30%
Pink Central Park
29%
Blue Kedzie-Homan
25%
Pink Kostner
23%
Green Laramie
23%
Green Ridgeland
21%
No matching quizzes found
Score Distribution
Percent of People with Each Score
Percentile by Number Answered
Your Score History
You have not taken this quiz